Fictional U.S. Cities and Towns for Each State (With a Map) - Statistics

General Stats
  • This quiz has been taken 32 times
  • The average score is 18 of 50
Answers on the Map
Answers color-coded by a green-red scale on the quiz's map according to % correct below.
 
Answer Stats
Media City Answer % Correct
Family Guy Quahog Rhode Island
73%
South Park South Park Colorado
69%
Lilo & Stitch Kokaua Town Hawaii
69%
Batman Gotham City New Jersey
65%
American Dad! Langley Falls Virginia
65%
Chesapeake Shores Chesapeake Shores Maryland
62%
To Kill a Mockingbird Maycomb Alabama
58%
Jaws (film) Amity Island Massachusetts
58%
King of the Hill Arlen Texas
58%
Stranger Things Hawkins Indiana
54%
Back to the Future Hill Valley California
50%
Superman Smallville Kansas
50%
Gravity Falls Gravity Falls Oregon
50%
The Walking Dead Woodbury Georgia
46%
Rocky and Bullwinkle Frostbite Falls Minnesota
46%
Children of the Corn Gatlin Nebraska
46%
Outer Banks Kildare Island North Carolina
46%
Twin Peaks Twin Peaks Washington
46%
The Great North Lone Moose Alaska
42%
Gilmore Girls Star Hollow Connecticut
42%
Superman Metropolis Delaware
38%
Cougar Town Gulfhaven Florida
38%
That '70s Show Point Place Wisconsin
38%
True Blood Bon Temps Louisiana
35%
It's a Wonderful Life Bedford Falls New York
35%
A Minecraft Movie Chuglass Idaho
31%
American Pie East Great Falls Michigan
31%
Desperation Desperation Nevada
31%
A Nightmare on Elm Street Springwood Ohio
31%
The Devil All the Time Coal Creek West Virginia
31%
Open Range Harmonville Montana
27%
Eddington Eddington New Mexico
27%
The Outsider (novel) Flint City Oklahoma
27%
Halloween Haddonfield Illinois
23%
The Flash Fallible Iowa
23%
Silent Hill Silent Hill Maine
23%
The Great Brain Adenville Utah
23%
Longmire Durant Wyoming
23%
Animal Dreams Grace Arizona
19%
Gone Girl North Carthage Missouri
19%
Pretty Little Liars Rosewood Pennsylvania
19%
Sweet Magnolias Serenity South Carolina
19%
Supernatural Cold Oak South Dakota
19%
An Abundance of Katherines Gutshot Tennessee
19%
Wayward Tall Pines Vermont
19%
Arly Hanks Maggody Arkansas
15%
11.22.63 Holden Kentucky
15%
The Optimist’s Daughter Mount Salus Mississippi
15%
Jumanji Brantford New Hampshire
15%
Downtown Owl Owl North Dakota
15%
No matching quizzes found
Score Distribution
Percent of People with Each Score
Percentile by Number Answered
Your Score History
You have not taken this quiz